Science Quiz

Random Science or Math Quiz

Multiples of 4 Blitz Quiz Stats

 Plays Quiz Updated Mar 17, 2020

Support Sporcle.
Go Orange.
Score 0/24 Timer 00:30
0 Plays Today
% Correct
4
82.9%
8
80.1%
40
79%
12
78.9%
16
78.8%
20
78.1%
24
77.7%
44
77%
48
72.5%
32
71%
28
69.1%
80
68.7%
% Correct
36
68.2%
64
65.7%
88
65.1%
60
63%
84
61.1%
72
57.1%
96
56.9%
56
55.2%
52
48.5%
68
46.6%
92
43.8%
76
43.6%

You're not logged in!

Compare scores with friends on all Sporcle quizzes.
OR
Log In

From the Vault

Pieces of Maps (Central America II)

by AuroraIllumina

Beware the decoy areas, or you may go to pieces.
Remove Ads.
Support Sporcle.
Get the best of Sporcle when you Go Orange. This ad-free experience offers more features, more stats, and more fun while also helping to support Sporcle. Thank you for becoming a member.

Show Comments

Extras

Top Quizzes Today


Score Distribution

Your Account Isn't Verified!

In order to create a playlist on Sporcle, you need to verify the email address you used during registration. Go to your Sporcle Settings to finish the process.

Report this User

Report this user for behavior that violates our Community Guidelines.

Details: